[Event "33rd ECCC Open 2017"]
[Site "Antalya"]
[Date "2017.10.13"]
[Round "6"]
[White "Sadikhov, Ulvi"]
[Black "Tari, Aryan"]
[Result "0-1"]
[WhiteElo "2487"]
[BlackElo "2578"]
[Annotator "TA"]
[PlyCount "128"]
[EventType "team-tourn"]
[EventCountry "TUR"]
[SourceTitle "playchess.com"]
[Source "ChessBase"]
[SourceQuality "1"]
[WhiteTeam "Karaman"]
[BlackTeam "Valerenga"]

{[%evp 10,128,44,74,55,14,7,0,0,0,35,0,11,0,0,0,0,-38,-43,-29,-52,-64,-57,-71,-70,-100,-108,-107,-103,-106,-97,-115,-95,-101,-40,-75,-70,-125,-137,-167,-167,-165,-159,-149,-152,-153,-155,-148,-91,-95,-89,-120,-108,-116,-107,-64,-18,-33,0,-81,-78,-106,-93,-71,-70,-54,-41,-148,-148,-148,-41,-110,-111,-149,-148,-202,-202,-325,-294,-394,-124,-364,-313,-340,0,-385,-379,-379,-375,-368,-352,-368,-352,-357,-368,-332,-202,-362,-350,-334,-333,-417,-406,-377,-384,-661,-644,-647,-633,-2160,-1864,-12840,-12841,-12841,-12841,-12840,-12261,-12844,-12845,-12845,-12846]} 1. e4 e5 2. Nf3 Nc6 3. Bb5 a6 4. Bxc6 dxc6 5. O-O Ne7 6. Nxe5 Qd4 {C68: Ruy Lopez: Exchange Variation, sidelines} 7. Nf3 Qxe4 8. Re1 Qg6 {The position is equal.} 9. Ne5 Qf6 10. d4 Bf5 11. Nc3 O-O-O 12. Qh5 {Hoping for Bg5.} Bg6 13. Nxg6 $146 (13. Qh3+ {seems wilder.} Bf5 14. Qg3 h6 15. Ne4 Bxe4 16. Rxe4 Nf5 17. Qh3) 13... Qxg6 14. Qxg6 hxg6 15. Be3 Nf5 16. Rad1 Bb4 17. a3 Bxc3 $1 18. bxc3 Nd6 19. a4 Nc4 20. Rb1 a5 21. h3 Rh5 (21... Rhe8 $17) 22. Kf1 b5 23. Ra1 (23. Bc1 $15) 23... Re8 $1 $17 24. Bf4 Rxe1+ 25. Kxe1 $19 {[%mdl 4096] Endgame KRB-KRN} Rh4 26. Be3 Kb7 27. Ke2 Re4 28. Kd3 f5 (28... Re8 $142 29. Rb1 Ka6) 29. Rb1 $17 Ka6 $1 30. g3 Nb6 $1 31. Bf4 Re7 32. Bg5 Re6 33. Bf4 Re7 34. Bg5 Rd7 35. axb5+ cxb5 36. Re1 a4 37. Be7 Nc4 38. Bb4 ({White should try} 38. h4 $1 $15) 38... Kb7 39. h4 {[#]} a3 ({Black should play} 39... Rd8 $1 $17 40. Bc5 a3) 40. Ra1 {[#]} (40. Bf8 $1 $15) 40... Rd8 $1 41. Bc5 Kc6 42. Re1 (42. Be7 $17 Ra8 43. Ra2) 42... Ra8 $19 43. Bb4 (43. Ra1 $142) 43... Kd5 44. Bc5 Ra6 $2 (44... Nd6 $19 {has better winning chances. Strongly threatening ...Ne4.} 45. Ra1 a2) 45. Rb1 $2 (45. Bf8 $17 {is a better defense.}) 45... Nb2+ 46. Kd2 Nc4+ 47. Kd3 a2 48. Ra1 Nd6 49. f3 Nc4 {( -> ...Re6)} 50. Ke2 Ra8 51. Bb4 Nb6 52. Kd3 Nd7 53. g4 $2 (53. Be7) 53... fxg4 54. fxg4 Nf6 55. g5 Ne4 56. Ke3 Nd6 57. Kf4 $2 (57. Kd2 Nc4+ 58. Ke2) 57... Nf5 {Black is clearly winning.} 58. h5 Kc4 59. hxg6 Nxd4 60. Ke5 Nxc2 61. Rxa2 Rxa2 62. Bf8 Ra6 63. Bxg7 Rxg6 64. Bf6 Ne3 {Precision: White = 38%, Black = 65%.} 0-1

[Event "33rd ECCC Open 2017"]
[Site "Antalya"]
[Date "2017.10.13"]
[Round "6"]
[White "Barnaure, Vlad-Victor"]
[Black "Sasikiran, Krishnan"]
[Result "1/2-1/2"]
[WhiteElo "2476"]
[BlackElo "2677"]
[Annotator "TA"]
[PlyCount "61"]
[EventType "team-tourn"]
[EventCountry "TUR"]
[SourceTitle "playchess.com"]
[Source "ChessBase"]
[SourceQuality "1"]
[WhiteTeam "Baia Mare"]
[BlackTeam "Novy Bor"]

{[%evp 26,61,1,0,2,0,0,4,0,-6,0,0,7,10,0,0,0,0,8,6,13,14,63,35,44,44,47,33,39,45,134,72,80,74,79,84,80,77]} 1. d4 d5 2. Nf3 Nf6 3. c4 c6 4. Nc3 e6 5. e3 Nbd7 6. Qc2 Bd6 7. Be2 O-O 8. O-O Re8 9. Rd1 Qe7 10. h3 b6 11. e4 Nxe4 12. Nxe4 dxe4 13. Qxe4 Bb7 14. Bg5 {LiveBook: 4 Games. D45: Semi-Slav: 5 e3} (14. Bf4 Rad8 15. Bxd6 Qxd6 16. Ne5 Nxe5 17. dxe5 Qc7 18. Bf3 Ba8 19. Rxd8 Rxd8 20. Rd1 Rxd1+ 21. Bxd1 Qd8 22. Bf3 {1-0 (41) Karpov,A (2715)-Lautier,J (2580) Biel 1992}) 14... f6 15. Bf4 Bxf4 16. Qxf4 {The position is equal.} c5 17. Qc7 Rab8 $146 ({Predecessor:} 17... Bxf3 18. Bxf3 Ne5 19. Qxe7 Nxf3+ 20. gxf3 Rxe7 21. dxc5 bxc5 {½-½ (33) Farago,I (2510)-Kuijf,M (2420) Sas van Gent 1992}) 18. dxc5 Nxc5 19. Qxe7 Rxe7 20. b4 Ne4 21. Rac1 a5 22. a3 axb4 23. axb4 Ra8 24. Nd2 Ra2 25. Nxe4 Bxe4 26. Bf1 {And now Rd6 would win.} Rb2 27. b5 e5 ({Black should play} 27... Kf7 $1 $14) 28. Rd6 (28. Rd8+ $142 Kf7 29. Re1) 28... Rb7 $16 {White is better.} 29. Re1 Bg6 {[#]} 30. f4 $1 {[%mdl 512]} Rb1 (30... exf4 31. c5) 31. Rxb1 {Precision: White = 83%, Black = 28%.} 1/2-1/2

[Event "33rd ECCC Open 2017"]
[Site "Antalya"]
[Date "2017.10.13"]
[Round "6"]
[White "Czebe, Attila"]
[Black "Danchevski, Orce"]
[Result "1/2-1/2"]
[WhiteElo "2467"]
[BlackElo "2367"]
[Annotator "TA"]
[PlyCount "127"]
[EventType "team-tourn"]
[EventCountry "TUR"]
[SourceTitle "playchess.com"]
[Source "ChessBase"]
[SourceQuality "1"]
[WhiteTeam "Dunajska Streda"]
[BlackTeam "Asseco See"]

{[%evp 11,127,22,43,14,18,19,15,15,21,18,16,13,14,16,19,20,18,17,26,12,16,10,10,0,0,0,0,-6,-6,-14,33,-12,-5,-85,-102,-124,-125,-233,-228,-204,-159,-194,-191,-194,-179,-173,-191,-225,-104,-114,-112,-116,-103,-105,-112,-109,-103,-363,-363,-363,-332,-317,-174,-179,-179,-240,-231,-208,-46,-42,-53,-52,-54,-13,-13,-152,-92,-93,-135,-156,-114,-124,-87,-148,-157,-140,-152,-162,-155,-174,0,-74,0,-114,0,0,0,-60,-83,-161,-147,-144,-31,-70,-47,-37,0,-71,-71,-71,0,-83,0,0,0,0,0,-56]} 1. d4 Nf6 2. g3 d5 3. Bg2 e6 4. Nf3 Be7 5. O-O Nbd7 6. c4 dxc4 7. Na3 {E05: Open Catalan: 5 Nf3 Be7} Nb6 {[#]} 8. Nxc4 $1 {[%mdl 512]} Nxc4 9. Qa4+ Bd7 10. Qxc4 Bc6 $1 11. Bg5 (11. Bf4 O-O 12. Rfd1 Bd6 13. Bg5 h6 14. Bxf6 Qxf6 15. Nd2 Bxg2 16. Kxg2 {½-½ (50) Malakhov,V (2713)-Riazantsev,A (2712) Eilat 2012}) 11... O-O 12. Rac1 h6 13. Bxf6 Bxf6 14. Rfd1 Qe7 $146 ({Predecessor:} 14... Qd6 15. Ne1 Bxg2 16. Kxg2 Rfd8 17. Nf3 Rac8 18. b4 {½-½ (18) Kiss,A (2380)-Gyimesi,Z (2500) Hungary 1995}) 15. Ne1 Bxg2 $1 16. Nxg2 c6 17. e4 {Threatens to win with e5.} Qd7 18. e5 Bd8 19. Qe2 Bb6 20. Nf4 f5 21. exf6 Rxf6 22. Qg4 (22. Rd2 $11) 22... Rd8 $17 23. b4 Bxd4 24. Nd3 (24. Nxe6 $17 {is a better defense.} Qxe6 25. Rxd4 Qxg4 26. Rxg4) 24... Qd5 $19 25. Rc2 Rf3 26. Ne1 Rf5 ({And not} 26... Rxf2 27. Rxd4 Qxd4 28. Qxd4 $14) 27. Rdd2 h5 $1 {[%cal Rh5g4]} 28. Qh4 e5 29. Rc5 Bxc5 (29... Qd6 $19 {and Black stays clearly on top.} 30. Rcc2 e4) 30. Rxd5 $17 Bxf2+ 31. Kg2 Rxd5 32. Nf3 Bb6 {Strongly threatening ...Kf8.} 33. Qe7 {[#]} e4 $1 {[%cal Re4f3]} 34. Qe6+ $2 {[%mdl 8192]} (34. Qe8+ $17 Rf8 35. Qe6+ Kh7 36. Qxe4+ Kh6 37. h4) (34. Qxe4 Bd8) 34... Kf8 $19 35. Qxe4 g5 {And now ...g4 would win.} 36. h3 Kg7 (36... Rf7 $142 37. g4 Re7) 37. a4 a6 $1 38. a5 (38. g4 $142 Rf4 39. Qe7+ Rf7 40. Qe6) 38... Ba7 39. g4 hxg4 $2 (39... Rf4 $1 $19 {[%cal Rf4e4]} 40. Qe6 Rf6) 40. hxg4 $15 Rf4 41. Qe6 Rf6 $1 {[%cal Rf6e6]} 42. Qe8 Rf8 43. Qe6 (43. Qe7+ $11 {keeps the balance.} Rf7 44. Qe2) 43... Bb8 $1 $17 {[%cal Rb8d6] aiming for ...Bd6.} 44. Qe4 Rf4 45. Qe7+ Rf7 46. Qe4 Rfd7 $1 47. Qe6 (47. Qe8 $142 Bf4 48. Qe4) 47... Bf4 $1 48. Qe4 Kf6 49. Qe8 Rd8 $1 {[%cal Rd8e8]} 50. Qe4 R8d7 (50... Rh8 $1 $19 51. Qb1 Rh6) 51. Qe8 Kg7 ({Black should play} 51... Bd2 $17 52. Qh8+ Ke6) 52. Qe6 (52. Qe4 $1 $11) 52... Rd1 (52... Rf7 $17 {Hoping for ...Bd6.} 53. Qe4 Kf6) 53. Qe8 $11 R1d6 54. Qe4 (54. Ne5 $11 Rd2+ 55. Kf3 Bxe5 56. Qxe5+ Kf8 57. Qxg5) 54... Kf8 $1 $15 55. Qc4 (55. Qf5+ $17 Rf7 56. Qe4) 55... Ke7 $19 56. Qg8 Rd5 (56... Rf6 $1 $17 57. Qh7+ Rf7 58. Qe4+ Kd8) 57. Qh8 $1 $15 Rd1 {...R7d3 is the strong threat.} 58. Qg8 R1d5 59. Qh8 $1 {[#]} Kf7 $1 60. Qh7+ Ke6 ({Black should try} 60... Kf8 $17 61. Qh6+ Ke8 62. Qh8+ Ke7) 61. Qg8+ {[#]} (61. Qh6+ $1 $11 {was the only way to keep the balance.} Kf7 62. Qh8) 61... Kd6 (61... Rf7 $1 $17 62. Qc8+ Rdd7) 62. Qb8+ $11 {The position is equal.} Ke7 63. Qh8 $1 Rd1 ({Better is} 63... Bc1 $11) 64. Qg8 {Precision: White = 47%, Black = 60%.} 1/2-1/2

[Event "33rd ECCC Open 2017"]
[Site "Antalya"]
[Date "2017.10.13"]
[Round "6"]
[White "Christiansen, Johan-Sebastian"]
[Black "Ererdem, Gani Eren"]
[Result "1-0"]
[WhiteElo "2462"]
[BlackElo "2136"]
[Annotator "TA"]
[PlyCount "43"]
[EventType "team-tourn"]
[EventCountry "TUR"]
[SourceTitle "playchess.com"]
[Source "ChessBase"]
[SourceQuality "1"]
[WhiteTeam "Valerenga"]
[BlackTeam "Karaman"]

{[%evp 22,43,208,203,197,195,199,197,349,363,348,320,441,412,502,481,831,829,821,816,822,829,824,814]} 1. c4 Nf6 2. g3 c6 3. Bg2 d5 4. Nf3 dxc4 5. O-O Nbd7 6. Qc2 Nb6 7. Na3 {[%cal Bb1a3,Ba3c4,Bc4e5,Be5f7,Bf7g5][%mdl 32]} Be6 {A11: English Opening: 1...c6} 8. Ng5 (8. Ne5 h5 9. b3 cxb3 10. axb3 h4 11. Bb2 Qc8 12. Rfc1 hxg3 13. hxg3 Bd5 14. Nf3 g6 15. Nc4 {½-½ (41) Adams,M (2761)-So,W (2822) Shamkir 2017}) 8... Bg4 9. Nxc4 Bxe2 10. Ne5 Bh5 11. Re1 e6 {[#]} 12. Bf3 $1 {[%cal Rf3h5] LiveBook: 6 Games} Bxf3 $146 ({Predecessor:} 12... Bg6 13. Bxc6+ bxc6 14. Qxc6+ Nfd7 15. Nexf7 Bxf7 16. Nxf7 {1-0 (28) Grandelius,N (2541)-Perunovic,M (2578) Sarajevo 2011}) 13. Nexf7 Qd5 {...Bg4 is the strong threat.} 14. Re5 Qc4 $2 (14... Rg8 15. Rxd5 Bxd5) 15. Rxe6+ $18 Qxe6 16. Nxe6 Bd5 17. Nfg5 ({Not} 17. Nxh8 Bxe6 18. d4 Kd7 $18) 17... Rc8 {Now ...h6 and Black clings on.} 18. d4 {[%cal Bd2d4,Bd4c5][%mdl 32] White is clearly winning.} g6 (18... Bxe6 $142 19. Nxe6 Kf7 20. Ng5+ Kg8) 19. Bf4 Kd7 20. Nc5+ Bxc5 21. dxc5 Na8 22. Qc3 1-0

[Event "33rd ECCC Open 2017"]
[Site "Antalya"]
[Date "2017.10.13"]
[Round "6"]
[White "Van Haastert, Edwin"]
[Black "Rogule, Laura"]
[Result "1-0"]
[WhiteElo "2447"]
[BlackElo "2325"]
[Annotator "TA"]
[PlyCount "83"]
[EventType "team-tourn"]
[EventCountry "TUR"]
[SourceTitle "playchess.com"]
[Source "ChessBase"]
[SourceQuality "1"]
[WhiteTeam "Leiden"]
[BlackTeam "Riga"]

{[%evp 18,83,66,52,68,35,25,31,36,37,19,0,70,33,56,33,51,36,33,0,145,153,145,144,198,189,229,197,182,142,148,103,112,110,181,137,189,200,200,191,173,0,0,-67,121,122,102,-164,0,0,271,43,299,306,291,223,227,126,230,81,100,117,312,4,607,604,610,603]} 1. e4 c5 2. Nf3 Nc6 3. d4 cxd4 4. Nxd4 Nf6 5. Nc3 d6 6. Bg5 e6 7. Qd2 a6 8. O-O-O Bd7 9. f4 Qc7 10. Nf3 {LiveBook: 12 Games} b5 {B67: Sicilian: Richter-Rauzer: 7...a6 8 0-0-0 Bd7, lines without 9 f4 Be7} 11. e5 dxe5 12. fxe5 Ng4 {White is slightly better.} 13. Bf4 {Threatens to win with h3.} Bb4 14. Bg3 $146 ({Predecessor:} 14. h3 Bxc3 15. bxc3 Nh6 16. Ng5 Nf5 17. Ne4 Na5 18. g4 {1-0 (55) Berlinsky,V (2255)-Zhunusov,M (2425) Benasque 1995}) 14... Nh6 (14... Rc8 $11) 15. a3 $36 {[%mdl 2048] White is more active.} Ba5 16. b4 (16. Qg5 $5 {[%cal Rg5g7]} Nf5 17. Ne4 $11) 16... Nxb4 17. axb4 Bxb4 18. Kb2 (18. Qxd7+ $5 Qxd7 19. Rxd7 Kxd7 20. Ne4 $14) 18... O-O (18... Rc8 $11 {remains equal.} 19. Be1 O-O) 19. Nd5 $1 $16 {[%cal Rd5c7]} exd5 20. Qxb4 {aiming for e6.} Rfc8 (20... Be6 $16 {is a better defense.} 21. Bd3 Rfc8) 21. Bd3 $18 {e6! is the strong threat.} a5 22. Qd2 {Hoping for e6!} Be6 23. Rb1 b4 24. Kc1 Nf5 25. Ng5 d4 (25... g6 $16) 26. Rb2 a4 (26... Qb6 $16) 27. Nxe6 (27. Qxb4 a3 $17) 27... fxe6 28. Bxf5 (28. Qxb4 $6 a3 $16) 28... exf5 29. Qxb4 $2 (29. Qxd4 $6 b3 $11) (29. e6 $18 Qe7 30. Kb1 (30. Rxb4 d3 $16) (30. Qxd4 b3 $16) (30. Qxb4 Qxe6 31. Kb1 a3 $16)) 29... a3 (29... f4 $11 30. Bf2 (30. Bxf4 a3 $11) 30... d3) 30. Ra2 $15 {And now Rd1 would win.} Rcb8 $2 (30... f4 $1 $15 {keeps the upper hand.} 31. Qb3+ Kh8 32. Bxf4 Rcb8) 31. Qxd4 $16 Qb7 32. Qa1 $2 {[%mdl 8192]} (32. Qc4+ $1 $16 {is forced if you want to stay better.} Kh8 33. Re1) 32... Qb6 $2 (32... Ra4 $1 $19 {[%cal Ra4b4]} 33. c3 Qb6) 33. Re1 Qb4 $2 {[%mdl 8192]} (33... Qh6+ $11 {and Black has nothing to worry.} 34. Kd1 Rd8+ 35. Ke2 Rd2+ 36. Kf1 Qc6) 34. c3 $2 (34. e6 $18) 34... Qb3 $2 {[%mdl 8192]} ({Black should try} 34... Qc4 $1 $14) 35. e6 $18 Rc8 36. Rc2 a2 37. e7 ({Only move:} 37. Bd6 $1 $18) 37... Kf7 $16 {[#]} 38. Be5 (38. Bd6 $1 $18) 38... Kxe7 {[#]} 39. Ree2 $1 Qa3+ $2 (39... Qc4 $16) 40. Kd1 $2 ({Don't take} 40. Rb2 Kf8 $18) (40. Kd2 $18) 40... Rd8+ $2 {[%mdl 8192]} (40... Qb3 $11) 41. Ke1 $18 Qb3 {White must now prevent ...Qb1+.} 42. Rxa2 {Precision: White = 40%, Black = 27%.} 1-0

[Event "33rd ECCC Open 2017"]
[Site "Antalya"]
[Date "2017.10.13"]
[Round "6"]
[White "Wells, Peter K"]
[Black "Kazakovskiy, Valeriy"]
[Result "1/2-1/2"]
[WhiteElo "2447"]
[BlackElo "2420"]
[Annotator "TA"]
[PlyCount "60"]
[EventType "team-tourn"]
[EventCountry "TUR"]
[SourceTitle "playchess.com"]
[Source "ChessBase"]
[SourceQuality "1"]
[WhiteTeam "White Rose"]
[BlackTeam "MAKABI"]

{[%evp 19,60,12,35,18,24,6,53,51,58,53,43,41,34,40,33,43,37,24,33,24,35,33,35,2,23,13,39,16,22,12,32,0,0,0,0,0,0,0,2,0,3,0,8]} 1. d4 Nf6 2. c4 e6 3. Nf3 Bb4+ 4. Bd2 Qe7 5. g3 Nc6 6. Nc3 O-O 7. Bg2 d6 8. d5 {E11: Damenindisch (Bogoljubow-Variante)} (8. O-O Bxc3 9. Bxc3 e5 10. d5 Nb8 11. Nd2 Bg4 12. f3 Bh5 13. e4 Nfd7 14. Qc2 a5 15. Rae1 Nc5 16. f4 {1-0 (59) Le,Q (2739)-Megaranto,S (2528) Ashkhabad 2017}) 8... Nb8 9. dxe6 fxe6 10. O-O Nc6 {LiveBook: 5 Partien} 11. Qc2 Bd7 $146 ({Vorgänger:} 11... a5 12. b3 Bd7 13. a3 Bxc3 14. Bxc3 Be8 15. b4 Bg6 {½-½ (102) Polgar,Z (2550)-Kortschnoj,V (2615) Monte Carlo 1994}) 12. e3 Rab8 13. a3 Bxc3 14. Bxc3 ({Ein No Go ist} 14. bxc3 Na5 $15) 14... e5 15. b4 Nd8 16. Nd2 Bc6 17. f3 b6 18. a4 Ne6 19. Rfe1 Qe8 20. a5 Qh5 21. axb6 axb6 22. e4 Ra8 23. Rxa8 Rxa8 24. Qb3 Qf7 25. Ra1 Rxa1+ {Die Stellung ist ausgeglichen.} 26. Bxa1 Bb7 27. Bh3 Ng5 28. Bg2 Ne6 29. Bh3 Ng5 30. Bg2 Ne6 {Precision: Weiß = 40%, Schwarz = 62%.} 1/2-1/2

[Event "33rd ECCC Open 2017"]
[Site "Antalya"]
[Date "2017.10.13"]
[Round "6"]
[White "Arnaudov, G  Petar"]
[Black "Petenyi, Tamas"]
[Result "1-0"]
[WhiteElo "2441"]
[BlackElo "2449"]
[Annotator "TA"]
[PlyCount "129"]
[EventType "team-tourn"]
[EventCountry "TUR"]
[SourceTitle "playchess.com"]
[Source "ChessBase"]
[SourceQuality "1"]
[WhiteTeam "Asseco See"]
[BlackTeam "Dunajska Streda"]

{[%evp 14,129,39,40,67,46,54,29,44,39,37,33,56,21,90,33,16,22,81,79,155,154,150,145,187,204,193,194,293,303,298,293,276,270,277,272,271,281,267,282,297,265,277,168,162,182,168,157,147,156,173,161,164,162,233,227,231,235,226,217,233,206,194,151,141,125,126,117,124,151,303,303,265,278,510,294,317,317,310,264,379,379,353,368,467,458,478,475,462,454,618,604,869,821,1018,981,1077,1048,2502,2379,2127,1350,1464,1456,1638,1415,2610,2245,1756,1745,29988,29989,29990,29991,29991,29992,29992,29992]} 1. d4 g6 2. c4 Bg7 3. Nc3 d6 4. e4 Nc6 5. d5 Nb8 6. Be3 {A42: Modern Defence: Averbakh Variation} Nf6 7. h3 (7. f3 c6 8. Bd3 Nbd7 9. Nge2 a6 10. O-O O-O 11. Rc1 Ne5 12. b4 Bd7 13. a4 b6 14. dxc6 Bxc6 {0-1 (49) Gyimesi,Z (2591)-Nakamura,H (2710) Mainz 2009}) 7... O-O 8. Nf3 {LiveBook: 7 Games. White is slightly better.} c6 9. Bd3 e6 10. dxe6 $146 ({Predecessor:} 10. O-O exd5 11. exd5 cxd5 12. cxd5 Nbd7 13. Rc1 a6 14. Bb1 Re8 15. b4 Ne5 16. Nxe5 dxe5 {1-0 (48) Schachinger,M (2439)-Burovic,I (2387) Zadar 2014}) 10... Bxe6 11. O-O Nbd7 12. Ng5 Re8 13. Qd2 Qe7 (13... Ne5 $11) 14. Rfe1 (14. f4 $16) 14... Ne5 $14 15. b3 a6 (15... Nxd3 $11 {keeps the balance.} 16. Qxd3 Nd7) 16. Bc2 $36 {[%mdl 2048] Black is under strong pressure.} Bc8 ({Black should play} 16... Bh6) 17. f4 Ned7 18. Rad1 h6 19. Nf3 Nh7 20. Ne2 d5 (20... Bb2 {keeps fighting.} 21. Qxd6 Qxd6 22. Rxd6 Ba3) 21. cxd5 $18 cxd5 22. e5 ({Weaker is} 22. Qxd5 Nhf6 $16) 22... Ndf8 23. Nc3 Be6 24. Nxd5 Bxd5 25. Qxd5 Rad8 26. Qe4 Rxd1 27. Rxd1 ({Don't play} 27. Bxd1 $6 g5 $18) 27... Qc7 28. b4 Nf6 29. Qd3 Nd5 30. Qxd5 Qxc2 31. Rc1 Qb2 32. Rc7 Ne6 33. Rxb7 Rd8 {[#]} (33... Qb1+ {might work better.} 34. Kf2 (34. Kh2 Rd8 $16) 34... Qc2+ 35. Qd2 Qb1) 34. Qc4 $1 g5 35. Kh2 gxf4 36. Bxf4 Qb1 37. a4 Rd1 38. Rb8+ Kh7 39. Rc8 Rh1+ 40. Kg3 Qg6+ 41. Kf2 Qf5 $2 {[#]} (41... Nxf4 $16 42. Qxf4 Ra1) 42. g4 Qg6 43. Bc1 Rd1 $2 (43... h5 {was called for.} 44. Kg2 Rd1) 44. Qc2 Qxc2+ 45. Rxc2 Bf8 46. Bd2 Ra1 (46... Rb1 {is a better defense.} 47. Rc4 Rb3) 47. a5 Ra3 48. Rc4 Be7 49. h4 {[%cal Bh3h4,Bh4h5][%mdl 32]} Kg7 50. h5 Rd3 51. Ke2 Rd5 52. Rc6 Bg5 53. Bxg5 hxg5 54. Rxa6 {[%mdl 4096] Endgame KRN-KRN} Nf4+ 55. Ke3 Rd3+ 56. Ke4 Rb3 57. Rb6 Nh3 58. Nd4 Nf2+ 59. Kf5 Rg3 60. h6+ Kh7 61. a6 Rxg4 62. Ne2 {White mates.} Rc4 63. a7 Ng4 64. a8=Q Ne3+ 65. Kf6 {Precision: White = 73%, Black = 33%.} 1-0

[Event "33rd ECCC Open 2017"]
[Site "Antalya"]
[Date "2017.10.13"]
[Round "6"]
[White "Sepp, Olav"]
[Black "Hamiti, Gani"]
[Result "1-0"]
[WhiteElo "2433"]
[BlackElo "2153"]
[Annotator "TA"]
[PlyCount "75"]
[EventType "team-tourn"]
[EventCountry "TUR"]
[SourceTitle "playchess.com"]
[Source "ChessBase"]
[SourceQuality "1"]
[WhiteTeam "Etela-Vantaan"]
[BlackTeam "Dardania"]

{[%evp 26,75,60,50,99,117,104,62,161,159,310,306,303,309,321,302,314,310,369,364,372,366,368,344,384,354,514,539,522,523,601,481,485,447,746,815,796,773,1322,1313,1335,1331,1295,1277,1268,1218,29989,29990,29992,29993,29993,543]} 1. Nf3 d5 2. g3 Nf6 3. Bg2 e6 4. O-O b6 5. c4 Bb7 6. b3 Be7 7. Bb2 O-O 8. e3 c5 9. Qe2 Nc6 10. Rd1 Qc7 11. Nc3 Rac8 12. cxd5 {A14: English Opening: 1...e6 with b3 by White} exd5 (12... Nxd5 13. Nxd5 exd5 14. d4 Rfd8 15. Rac1 Bf8 16. dxc5 bxc5 17. Nh4 Nb4 18. Qg4 Nxa2 19. Ra1 Nb4 20. Rxa7 {1-0 (29) Kramnik,V (2772)-Jakovenko,D (2736) Moscow 2009}) 13. d4 Rfd8 14. Rac1 {LiveBook: 4 Games. White is slightly better.} Qb8 15. dxc5 bxc5 16. Na4 Nb4 $146 (16... c4 $14) ({Predecessor:} 16... Ne4 17. Nh4 Ne5 18. Nf5 Bf6 19. f4 Ng6 20. Bxf6 Nxf6 21. Nxc5 {1-0 (39) Kelly,I (2005)-Homolka,V (1773) Llandudno 2017}) 17. Bxf6 $1 $18 Ba6 $2 {[#]} (17... Bxf6 $16 18. Nxc5 Rc7) 18. Qxa6 $1 Nxa6 19. Bxe7 Re8 20. Bxc5 Nxc5 21. Nxc5 Qd6 22. b4 a5 23. a3 {[%cal Ba2a3,Ba3b4][%mdl 32]} axb4 24. axb4 Ra8 25. Ng5 Re5 (25... Qf6 {keeps fighting.} 26. Nh3 (26. Bxd5 Qxg5 27. Bxa8 Rxa8 $16) 26... Rad8) 26. f4 {[%cal Bf2f4,Bf4g5][%mdl 32]} Rxg5 27. fxg5 Qe5 28. Bxd5 Qxe3+ 29. Kh1 Rd8 (29... Rc8 $142 30. Rf1 Qxg5) 30. Nb7 Rb8 31. Nd6 Qxg5 32. Nxf7 Qh5 33. Ne5+ Kh8 34. Re1 g6 35. Rc7 Rd8 36. Nf7+ {White mates.} Kg8 37. Ng5+ Kh8 38. Rxh7+ {Precision: White = 83%, Black = 14%.} (38. h4 $142 Rf8 39. b5 Rd8 40. Bf3 Rf8 41. Bxh5 gxh5 42. Ree7 Rd8 43. Rxh7+ Kg8 44. Rcg7+ Kf8 45. Ne6+ Ke8 46. Rh8#) 1-0

[Event "33rd ECCC Open 2017"]
[Site "Antalya"]
[Date "2017.10.13"]
[Round "6"]
[White "Costachi, Mihnea"]
[Black "Naoum, Spyridon"]
[Result "0-1"]
[WhiteElo "2425"]
[BlackElo "2295"]
[Annotator "TA"]
[PlyCount "68"]
[EventType "team-tourn"]
[EventCountry "TUR"]
[SourceTitle "playchess.com"]
[Source "ChessBase"]
[SourceQuality "1"]
[WhiteTeam "Adare"]
[BlackTeam "Chania"]

{[%evp 9,68,-15,-4,-50,-18,-71,-62,-68,-60,-149,-102,-104,-89,-100,-94,-87,-98,-96,-95,-94,-95,-102,-95,-90,-66,-62,-33,-60,-35,-47,-39,-50,2,0,0,0,0,-87,-94,-94,-89,-76,-54,-353,-346,-546,-525,-29987,-29988,-29988,-29989,-29991,-29992,-29992,-29993,-29993,-29994,-29997,-29998,-29998,-29999]} 1. d4 a6 2. e4 e6 3. c4 d5 4. cxd5 (4. exd5 exd5 5. Nc3 Nf6 6. Bg5 Bb4 7. cxd5 O-O 8. Bc4 Nbd7 9. Nge2 h6 10. Bh4 Be7 11. Bxf6 Nxf6 {½-½ (25) Georgiev,K (2627)-Bauer,C (2624) Zuerich 2015}) 4... exd5 5. e5 c5 6. Nc3 {C01: French: Exchange Variation} Nc6 7. Be3 (7. dxc5 $11 Bxc5 8. Qxd5) 7... cxd4 $146 ({Predecessor:} 7... Nge7 8. Nge2 Bg4 9. f3 cxd4 10. Bxd4 Nxd4 11. Qxd4 Be6 12. Qd2 Nc6 13. f4 d4 14. Ne4 Bb4 15. Nd6+ Ke7 {0-1 (15) Melichar,V (1746)-Sroub,J (1763) Kouty nad Desnou 2012}) 8. Bxd4 {Black is slightly better.} Nge7 9. Bc5 (9. Nf3 $15) 9... Qa5 10. Bxe7 d4 (10... Nxe7 11. Nf3 $11) 11. Bxf8 dxc3 ({Much weaker is} 11... Kxf8 $6 12. Qa4 $11) 12. b4 Qxe5+ 13. Qe2 Kxf8 14. Qxe5 Nxe5 15. Rc1 Be6 16. f4 Ng6 17. Ne2 a5 18. b5 Rc8 19. g3 c2 20. Bg2 Ke7 ({Black should play} 20... b6 $15) 21. Bxb7 Rc4 $36 {[%mdl 2048] Hoping for ...Rb8. Black is pushing.} ({But not} 21... Bxa2 $2 22. Bxc8 Rxc8 23. Kd2 $18) 22. O-O f5 23. Kg2 (23. Rf3 $11 {remains equal.}) 23... Rb8 24. Bc6 Kf6 {...Ne7 is the strong threat.} 25. Rf3 {[#]} Rd8 $1 {Strongly threatening ...Ne7.} 26. Nc3 $2 {[%mdl 8192]} (26. Kf2 $15) 26... Rd2+ $19 27. Kh3 (27. Kf1 $142 Ne7 28. Ke1 Rxh2 29. Bb7) 27... Ne7 28. Ba8 g5 {Black mates.} 29. fxg5+ Kxg5 30. Re3 Rxc3 31. Rxe6 Ng6 32. Rxg6+ hxg6 33. b6 Rc8 {[%cal Rc8h8]} 34. Bf3 Rh8+ {Precision: White = 42%, Black = 64%.} 0-1